| 000 | 00715nam a2200217 a 4500 | ||
|---|---|---|---|
| 001 | 000040743 | ||
| 005 | 20201002034340.0 | ||
| 008 | 130905s2009 sp 000 0 spa d | ||
| 020 | _a9788420695033 | ||
| 040 |
_aDO-SdBNP _bspa _cBNPHU |
||
| 100 | 1 |
_aStuart Mill, John _948719 |
|
| 240 | 1 | 0 |
_aOn liberty _lEspañol |
| 245 | 1 | 0 |
_aSobre la Libertad / _cJohn Stuart Mill ; prólogo Isaiah Berlin ; traductor Pablo de Azcárate. |
| 260 |
_aMadrid : _bAlianza Editorial, _c2009. |
||
| 300 |
_a207 p. ; _c18 cm. |
||
| 490 | 1 | _aCiencia Política | |
| 500 | _aTraducido del idioma inglés | ||
| 700 | 1 |
_aBerlin, Isaiah, _epról. _967149 |
|
| 700 | 1 |
_aAzcárate, Pablo, _etrad. _967150 |
|
| 830 | 0 |
_aCiencia Política _967151 |
|
| 999 |
_c40233 _d40233 |
||